MDQL
is popping MORE tags! Check the
thread
!
Quizzes
Events
Quiz Creation
Community
Videos
Private Events
Remove Ads
Sign In
Join for FREE
Feedback
Dark Mode
Quiz Categories
Sports
Geography
Music
Movies
Television
Just For Fun
Miscellaneous
History
Literature
Language
Science
Gaming
Entertainment
Religion
Holiday
For Kids
Quiz Lab
Recent
Popular Today
Quiz Kudos Today
Editor Picks
Curator Picks
Quizzes by...
Day
Popularity
Type
Ratings
Length
Year
Community
Subscriptions
Recent Discussions
Orange Saloon
Badges
Playlists
Quests
Create
Leaderboards
Showdown
Live 5
Trivia Bingo
Activity
Puzzle Library
Sporcle Events
Private Events
Virtual Trivia
Globe League
Become a Host
Pub Owners
SporcleCon
Opinionation
Our Games
Videos
Blog
Mobile Apps
Partnerships
Remove Ads and Go Orange
Feedback
Entertainment
Celebrity
Famous
Musical
Broadway
Show
Quote
Comic Books
Anime
Superhero
DC Comics
Marvel
Cartoons
Animation
Entertainment
Celebrity
Famous
Musical
Broadway
Show
Quote
Comic Books
Anime
Superhero
DC Comics
Marvel
Cartoons
Animation
Random Quiz
Search Sporcle
×
Quiz Lab
Quiz Lab
Entertainment
Broadway
Type in answers that appear in a list
Type in answers that appear in a list
Classic
Best Score? Go Orange.
Musical Marathon of Lyrics Stats
Can you name the lyrics of the first line of the song - taken from a selection of musicals??
By
musikals
15m
50 Questions
279 Plays
279 Plays
279 Plays
Comments
Comments
Give Quiz Kudos
Give Quiz Kudos
-
- Ratings
hide this ad
Random Order
Randomize order of answers
Randomize order of answers
Replay
Link that replays current quiz
Next Quiz
Link to next quiz in quiz playlist
You Got
0%
They Got
Avg Score
35%
Avg Friend Score
Upgrade to see
Score Distribution
Jump to the score distribution portion of the page
Score
0/50
Timer
15:00
0
Plays Today
First Line
...
% Correct
A spoonful of sugar
helps the medicine go down
82.4%
Raindrops on roses
and whiskers on kittens
80.6%
Anything you can do
I can do better
78.9%
Summer lovin' had me a blast
summer lovin' happened so fast
77.8%
Something has changed within me
something is not the same
76.3%
Do you hear the people sing
singing the song of angry men
74.6%
I got chills, they're multiplying
and I'm losing control
74.2%
Come on babe why don't we paint the town
and all that jazz
73.8%
On my own
pretending he's beside me
71.7%
Somewhere over the rainbow
way up high
71%
I'm singing in the rain
just singing in the rain
67%
One day more
another day another destiny
64.9%
In sleep he sang to me
in dreams he came
64.2%
Feed the birds
tuppence a bag
60.6%
I dreamed a dream in time gone by
when hope was high and life worth living
59.9%
Consider yourself
at home
56.3%
I closed my eyes
drew back the curtain
50.5%
Midnight
not a sound from the pavement
47.3%
What good is sitting alone in your room
come hear the music play
45.5%
From the day we arrive on the planet
and blinking step into the sun
42.7%
No more talk of darkness
forget these wide eyed fears
33.3%
Close every door to me
hide all the world from me
30.8%
Where is love
does it fall from skies above
26.5%
I can still recall, our last summer
I still see it all
26.5%
I don't know how to love him
what to do how to move him.
25.8%
First Line
...
% Correct
I will follow him
follow him wherever he may go
25.8%
Moses supposes his toses are roses
but moses supposes erroneously
25.4%
In this life, one thing counts
in the bank large amounts
22.6%
They call you Lady Luck
but there is room for doubt
22.2%
Climb every mountain
search high and low
21.5%
Tell me it's not true
say it's just a story
20.4%
Whenever I feel afraid
I hold my head erect
18.3%
Never knew I could feel like this
like I've never seen the sky before
17.9%
Good morning, good morning
we've talked the whole night through
17.6%
I dreamed last night I got on the boat to heaven
and by some chance I had brought my dice along
17.2%
There's no business like show business
there's no business I know
14.3%
I won't dance
don't ask me
13.3%
How can I hope to make you understand
why I do what I do
12.9%
You must be mistaken, it couldn't have been
you couldn't have seen him yesterday
12.9%
They are not nice,
they're mostly noise
12.2%
We got sunlight on the sand
we got moonlight on the sea
7.5%
Father hear they childrens call
humbly at thy feet we fall
7.2%
Who knows when love begins
who knows what makes it start
6.8%
When you walk through a storm
keep your chin up high
5%
Love's a curious thing
it often comes disguised
2.9%
Why do they think up stories that link my name with yours
why do the neighbours chatter all day behind their doors
1.1%
I just got an invitation through the mail
your presence requested this evening it's formal top hat white tie and tails
0.7%
We joined the navy to see the world
and what did we see we saw the sea
0.4%
Dreamboats and petticoats
pick me up and hold me close
0.4%
I'm putting all my eggs in one basket
I'm betting ev'rything I've got on you
0.4%
Quiz Playlist
Details
Report
Send in Message
Add To Playlist
Classic:
Type in answers that appear in a list
Random Order:
Randomize order of answers
Last Updated: Feb 16, 2017
Quiz Scoreboard
CHALLENGE
Sign Up to Join the Scoreboard
Show All
Scores
Hide
Comments
May contain spoilers
Recently Published
Colored Red Africa Blitz
by spor1
Geography
30s
Find the 'City' Movie
by crazypaving
Movies
60s
5x2 Blitz: Bands
by SL_Kpop136
Music
30s
More to Explore
Quiz From the Vault
Featured Blog Post
14 Easter Pick-up Lines to Find Eggs With
hide this ad
You Might Also Like...
Tags
Broadway Quiz
Lyrics Quiz
Musical Quiz
Broadway Lyrics
Broadway Musicals
Broadway Shows
Filling
Musical Songs
Musical Theater
theatre
West End
Today's Top Quizzes in Entertainment
Browse Entertainment
hide this ad
Today's Top Quizzes in Broadway
Browse Broadway
Top Contributed Quizzes in Entertainment
1
Dragon Ball Z: Goku's Fights in Order
2
Marvel Characters Bunker
3
Marvel Classic Character Map
4
Celebrity Spelling Bee
5
This is Your Life: Edward Elric
6
This is Your Life: Itachi Uchiha
7
Dragon Ball Z: Immortal Characters
8
X-Men: 10 to 1
9
Fairy Tail 12-1
10
Finish The Line - Starship (Starkid)
Explore More
Trending Topics
Crossword
Kpop
Marvel
Harry Potter
NBA
Anime
Disney
Country
Soccer
The Office
Song
NFL
Pokémon
Puzzle
WWE
hide this ad
More By:
musikals
Quiz
Plays
Rating
Category
Featured
Created
Musical Marathon of Lyrics 2
85
5.00
Entertainment
Jan 23, 2013
Musical Marathon of Lyrics
279
4.00
Entertainment
Jan 22, 2013
Musical Marathon of Lyrics 2
85
5.00
Entertainment
Jan 23, 2013
Go to Creator's Profile
Score Distribution
Quiz Creator Spotlight
musikals
Follow
Send a Message
Quizzes Created
-
Created Quiz Play Count
-
More By This Creator
Popular Quizzes Today
1
Find the 'City' Movie
2
Colored Red Africa Blitz
3
Find the US States - No Outlines Minefield
4
5x2 Blitz: Bands
5
The Countries of the World
6
Find the US States
7
US States
8
9x9 Crossword: Cartoon Network
More Entertainment Quizzes
'C' Entertainment Images II
Published
Trending Quizzes
Colored Red Europe Blitz I
Colored Red Africa Blitz II
Colored Red Europe Blitz II
Colored Red Africa Blitz III
Colored Red Europe Blitz III
Recently Updated
2024 March Madness Bracket
pecheneg
Famous TV Couples
Peacemaker
Champions League XIs: Real Madrid
pecheneg
Largest US Cities 1790-2010
pecheneg
Rides in Walt Disney World
pecheneg
Most Oscar Losses (Acting)
pecheneg
Beyoncé Albums
pecheneg
Leaping Animals
pecheneg
Reality TV Shows (A-Z)
bhenderson79
Rickey Henderson's Hall of Fame Teammates
pecheneg
Trending Topics
Disney
Harry Potter
Crossword
Kpop
Marvel
NBA
Anime
NFL
WWE
Puzzle
Country
Song
Pokémon
Soccer
The Office
Your Account Isn't Verified!
In order to create a playlist on Sporcle, you need to verify the email address you used during registration. Go to your
Sporcle Settings
to finish the process.
Report this User
Report this user for behavior that violates our
Community Guidelines
.
Details:
Send Report
Go to the Sporcle.com Mobile Site →
Comments